• 首页
  • 本馆介绍
  • 公告通知
  • 最新文献
  • 馆藏检索
  • 电子资源
  • 读者导购
  • 参考咨询
  • 我的图书馆
  • 登录
  • 详细信息显示
  • 放入我的书架
  • 预约/预借图书
  • 作者相关作品
  • 分类相关作品
  • 丛书相关作品
  • 出版社相关作品

书目信息

  • 表格格式
  • 工作单格式
  • 卡片格式
题名:
聆听时代进步的足音
    
 
作者: 张绍宾 , 姜雅菲 主编
分册:  
出版信息: 大连   辽宁师范大学出版社  2020.08
页数: 192页
开本: 23cm
丛书名:
单 册:
中图分类: G634.201
科图分类:
主题词: 政治课--中学--教材
电子资源:
ISBN: 978-7-5652-3287-9
000 01001nam0 2200253 450
001 012001001461
005 20141202150513.0
010    @a978-7-5652-3287-9@dCNY36.00
100    @a20220905d2020 em y0chiy50 ea
101 0  @achi
102    @aCN@b210000
105    @aak z 000yy
106    @ar
200 1  @a聆听时代进步的足音@Aling ting shi dai jin bu de zu yin@e本溪市第一中学政治学科特色校本教材@f张绍宾,姜雅菲主编
210    @a大连@c辽宁师范大学出版社@d2020.08
215    @a192页@c图, 照片@d23cm
330    @a本书分为红色中国、文化中国、创新中国、中国精神四部分。主要内容包括:高扬的旗帜引领方向;中国崛起的辉煌足迹;中国特色社会主义民主政治的发展和完善等。
517 1  @a本溪市第一中学政治学科特色校本教材@Aben xi shi di yi zhong xue zheng zhi xue ke te se xiao ben jiao cai
606 0  @a政治课@x中学@j教材
690    @aG634.201@v5
701  0 @a张绍宾@Azhang shao bin@4主编
701  0 @a姜雅菲@Ajiang ya fei@4主编
801  0 @aCN@bAHXH@c20221111
905    @b1371147-51@dG634.201@e2701@f5
    
    聆听时代进步的足音:本溪市第一中学政治学科特色校本教材/张绍宾,姜雅菲主编.-大连:辽宁师范大学出版社,2020.08
    192页:图, 照片;23cm
    
    
    ISBN 978-7-5652-3287-9:CNY36.00
    本书分为红色中国、文化中国、创新中国、中国精神四部分。主要内容包括:高扬的旗帜引领方向;中国崛起的辉煌足迹;中国特色社会主义民主政治的发展和完善等。
●
相关链接 在E读中查询图书 在五车中查询图书 在当当中查询图书 在豆瓣中查询图书


正题名:聆听时代进步的足音     索取号:G634.201/2701         预约/预借

序号 登录号 条形码 馆藏地/架位号 状态 备注
1 1371147   213711474   第一样本阅览室/ [索取号:G634.201/2701] 在馆    
2 1371148   213711483   教育系资料室/ [索取号:G634.201/2701] 在馆    
3 1371149   213711492   教育系资料室/ [索取号:G634.201/2701] 在馆    
4 1371150   213711508   第四借阅区/ [索取号:G634.201/2701] 在馆    
5 1371151   213711517   第四借阅区/ [索取号:G634.201/2701] 在馆    
唐山师范学院图书馆 欢迎您!
大连网信软件有限公司© 版权所有